000
00310nam a22001337a 4500
003
SGT
082
_a
617.96
_b
N2000M
100
_a
MATTA, BASIL F.
245
_a
TH. OF NEUROANESTHESIA AND CRITICAL CARE
260
_a
LONDON U.K.
_b
GMM PUB
_c
2000
300
_a
448
650
_a
ANESTHESIOLOGY
942
_2
ddc
_c
BK
999
_c
21408
_d
21408